Flagi państw na literę G - Statystyki

Ogólne statystyki
  • Ten quiz został rozwiązany 9 760 razy
  • Średni wynik to 8 z 11
Statystyki odpowiedzi
Obrazkowy Odpowiedź % Poprawnych
Grecja
100%
Gruzja
92%
Ghana
83%
Gabon
82%
Gwatemala
82%
Gwinea
79%
Gambia
68%
Gwinea Równikowa
68%
Grenada
65%
Gwinea Bissau
65%
Gujana
63%
Nie znaleziono quizów pasujących do podanych kryteriów
Rozkład punktacji
Procent ludzi z każdym wynikiem
Percentyl według liczby udzielonych odpowiedzi
Twoja historia wyników
Nie rozwiązałeś tego quizu